| 000 | 00618nam a2200205Ia 4500 | ||
|---|---|---|---|
| 005 | 20230522123451.0 | ||
| 008 | 131103s9999 xx 000 0 und d | ||
| 040 | _aLoreto College | ||
| 041 | _aEnglish | ||
| 082 |
_a330.954 _bDAT |
||
| 100 | _aDatta,Bhabatosh | ||
| 245 |
_aIndian economic thought _b twentieth century perspectives 1900 - 1950 _cBhabatosh Datta |
||
| 260 |
_aNew Delhi _bTata McGraw - Hill Publishing _c1978 |
||
| 300 | _axv,200 p. | ||
| 504 | _aIncludes bibliographical references and index | ||
| 650 | _aEconomics | ||
| 651 | _aIndia - Economic Conditions | ||
| 850 | _aLCLIB | ||
| 942 | _cBK | ||
| 999 |
_c7474 _d57953 |
||